000 01138nab a22002297a 4500
999 _c5967
_d5967
003 OSt
005 20260114141518.0
008 190605e xxu||||| |||| 00| 0 spa d
040 _cPJ
100 _95208
_aGarcía, José A.
245 1 3 _aLa presunción del art. 23 de la LCT modificada por la ley 27.742. ¿Cómo opera la presunción del art. 23 de la LCT luego de la modificación introducida por la ley 27.742? /
_cJosé A. García.
260 _aCiudad Autónoma de Buenos Aires :
_bThomson Reuters La Ley,
_c2024.
300 _ap. 81-88
500 _aCita: TR LALEY AR/DOC/2621/2024.
505 _aSumario: I. Introducción.— II. El art. 23 de la LCT modificado por la ley 27.742.— III. Conclusión.— IV. Bibliografía.
505 _t¿Te interesa el texto completo? Solicitalo al correo: koha@justierradelfuego.gov.ar
650 0 _91316
_aDERECHO LABORAL
650 0 _91323
_aCONTRATO DE TRABAJO
650 0 _91383
_aLEY DE CONTRATO DE TRABAJO
773 0 _02711
_93168
_dCiudad Autónoma de Buenos Aires : Thomson Reuters La Ley, 1999-2002.
_tRevista de derecho del trabajo. Nº 6 - Noviembre 2024
942 _2udc
_cANA